000 00653nas a2200229 4500
001 BR8900833
003 BR-BrBNA
005 20231205091441.0
007 ta
008 230509b bl.|||p| |||| 00| 00por d
040 _aBR-BrBNA
_bpor
_cBiblioteca Nacional de Agricultura
041 _a(Pt)
072 _aN20
100 1 _aSilveira, G.M. da
245 1 _aO uso da enxada rotativa em varzeas
650 _aENXADA ROTATIVA
650 _aMECANIZACAO
650 _aVARZEA
773 0 _tRevista dos Criadores (Brazil)
_xISSN 0034-9259
_g(Nov 1988), v. 58(706) p. 52-53
_wBR8900833
909 _a202311
_bLúcia
_c55
_dLúcia Elande
942 _2AGRIS
_n0
_cANA
999 _c125168
_d125168